<?xml version="1.0" encoding="UTF-8"?>
<marc:record xmlns:marc="http://www.loc.gov/MARC21/slim">
   <marc:leader>00000nam a2200000 a 4500</marc:leader>
   <marc:datafield ind1="1" ind2=" " tag="100">
      <marc:subfield code="a">Suzuki, Shinichi</marc:subfield>
      <marc:subfield code="4">aut</marc:subfield>
      <marc:subfield code="e">Verfasser/-in</marc:subfield>
   </marc:datafield>
   <marc:datafield ind1=" " ind2=" " tag="653">
      <marc:subfield code="a">Softcover / Musik</marc:subfield>
   </marc:datafield>
   <marc:datafield ind1=" " ind2=" " tag="653">
      <marc:subfield code="a">CD</marc:subfield>
   </marc:datafield>
   <marc:datafield ind1="0" ind2="0" tag="245">
      <marc:subfield code="a">Suzuki Cello School Cello Part &amp; CD, Volume 1 (Revised)</marc:subfield>
   </marc:datafield>
   <marc:datafield ind1="0" ind2="0" tag="245">
      <marc:subfield code="c">Shinichi Suzuki</marc:subfield>
   </marc:datafield>
   <marc:datafield ind1=" " ind2="1" tag="264">
      <marc:subfield code="a">Van Nuys</marc:subfield>
      <marc:subfield code="b">Alfred Music Publishing Company</marc:subfield>
      <marc:subfield code="c">2014</marc:subfield>
   </marc:datafield>
   <marc:datafield ind1=" " ind2=" " tag="250">
      <marc:subfield code="a">rev. Ausg.</marc:subfield>
   </marc:datafield>
   <marc:datafield ind1="1" ind2=" " tag="520">
      <marc:subfield code="a">Angaben aus der Verlagsmeldung

Suzuki Cello School Cello Part &amp; CD, Volume 1 (Revised) / von Shinichi Suzuki

Titles: Twinkle, Twinkle, Little Star Variations (Shinichi Suzuki) * French Folk Song (Folk Song) * Lightly Row (Folk Song) * Song of the Wind (Folk Song) * Go Tell Aunt Rhody (Folk Song) * O Come, Little Children (Folk Song) * May Song (Folk Song) * Allegro (Shinichi Suzuki) * Perpetual Motion in D Major (Shinichi Suzuki) * Perpetual Motion in G Major (Shinichi Suzuki) * Long, Long Ago (T.H. Bayly) * Allegretto (Shinichi Suzuki) * Andantino (Shinichi Suzuki) * Rigadoon (H. Purcell) * Etude (Shinichi Suzuki) * The Happy Farmer from Album for the Young, Op. 68, No. 10 (R. Schumann) * Minuet in C, No. 11 in G Major from Notebook for Anna Magdalena Bach, BWV 841 (J.S. Bach) * Minuet No. 2 from Minuet in G Major, BWV 116 (J.S. Bach). This title is available in SmartMusic. The Book/CD kits contain the same book as is sold separately. The CD in each kit only contains the music in the book it is packaged with. The CD that contains both volumes 1 and 2 is still available and has not been changed
</marc:subfield>
   </marc:datafield>
   <marc:datafield ind1=" " ind2=" " tag="020">
      <marc:subfield code="a">9780739097090</marc:subfield>
      <marc:subfield code="9">9780739097090</marc:subfield>
   </marc:datafield>
   <marc:datafield ind1=" " ind2=" " tag="041">
      <marc:subfield code="a">eng</marc:subfield>
   </marc:datafield>
   <marc:datafield ind1=" " ind2=" " tag="300">
      <marc:subfield code="a">CDs</marc:subfield>
   </marc:datafield>
</marc:record>
